|
|
|
|
| LEADER |
00000nam2a2200000 4500 |
| 001 |
182209 |
| 005 |
20231031171237.0 |
| 035 |
|
|
|a (RuTPU)RU\TPU\book\197501
|
| 035 |
|
|
|a RU\TPU\book\197495
|
| 090 |
|
|
|a 182209
|
| 100 |
|
|
|a 20100617d1937 k y0rusy50 ca
|
| 101 |
0 |
|
|a rus
|
| 102 |
|
|
|a RU
|
| 105 |
|
|
|a a z 000zy
|
| 200 |
0 |
|
|a Т. 56, вып. 7
|
| 210 |
|
|
|c Красное знамя
|d 1937
|
| 215 |
|
|
|a 18 с.
|c табл., граф., черт., рис.
|
| 461 |
|
1 |
|0 (RuTPU)RU\TPU\book\197248
|t Известия Томского индустриального института [Известия ТИИ]
|f Томский индустриальный институт (ТИИ)
|v Т. 56, вып. 7
|d 1934-1944
|
| 601 |
0 |
2 |
|a Томский индустриальный институт (ТИИ)
|c (1934-1944)
|2 stltpush
|3 (RuTPU)RU\TPU\col\9243
|
| 610 |
1 |
|
|a техническая термодинамика
|
| 610 |
1 |
|
|a преподавание
|
| 610 |
1 |
|
|a методика
|
| 610 |
1 |
|
|a труды учёных ТПУ
|
| 675 |
|
|
|a 62
|v 3
|
| 801 |
|
1 |
|a RU
|b 63413507
|c 20090209
|g PSBO
|
| 801 |
|
2 |
|a RU
|b 63413507
|c 20110210
|g PSBO
|
| 942 |
|
|
|c BK
|